Jason Statham Movies Quiz Stats

 Plays Quiz Updated Jan 2, 2018

Also try: Matt Damon Movies
Challenge
Share
Tweet
Embed
Score 0/39 Timer 06:00
0 Plays Today
Year Movie % Correct
2002The Transporter
90.3%
2005Transporter 2
87.8%
2008Transporter 3
85.1%
2010The Expendables
82.8%
2012The Expendables 2
80.8%
2014The Expendables 3
78.3%
2006Crank
76%
2000Snatch.
72.9%
2009Crank: High Voltage
71.4%
2017The Fate of the Furious
69.7%
1998Lock, Stock and Two Smoking Barrels
65.7%
2003The Italian Job
56.7%
2015Furious 7
55.4%
2015Spy
48.9%
2018The Meg
48.4%
2016Mechanic Resurrection
45%
2011The Mechanic
43.6%
2008The Bank Job
35.7%
2008Death Race
35.1%
2013Parker
32.5%
Year Movie % Correct
2013Homefront
29.1%
2011Gnomeo & Juliet
28.7%
2012Safe
28.5%
2007War
26.1%
2005Revolver
24.4%
2001Mean Machine
22.2%
2011Blitz
21%
2001The One
20.9%
2006In the Name of the King: A Dungeon Siege Tale
20.3%
2015Wild Card
19.8%
2004Collateral
19.7%
2011Killer Elite
18.4%
2013Redemption
17.7%
2005Chaos
17.3%
2004Cellular
17%
2001Ghosts of Mars
12.8%
2005London
12%
201013
10.7%
2000Turn It Up
7.3%

You're not logged in!

Compare scores with friends on all Sporcle quizzes.
OR
Log In

You Might Also Like...

Show Comments

Extras

Top Quizzes Today


Score Distribution

Your Account Isn't Verified!

In order to create a playlist on Sporcle, you need to verify the email address you used during registration. Go to your Sporcle Settings to finish the process.

Report this User

Report this user for behavior that violates our Community Guidelines.

Details: